000
00317nam a22001337a 4500
003
SGT
020
_a
9788838323490
082
_a
507
_b
C18R
100
_a
RAI, SANJEEV
245
_a
CONFLICT, EDUCATIONAND PEOPLES'S WAR IN NEPAL
260
_b
ROUTLEDGE TAYLOR & FRANCIS GROUP
_c
2018
300
_a
138
942
_2
ddc
_c
BK
999
_c
28748
_d
28748